[Event "CZE-chT2B 1314"]
[Site "Czech Republic"]
[Date "2014.01.19"]
[Round "6.7"]
[White "Pribyl, Jakub"]
[Black "Majstr, Jiri"]
[Result "1-0"]
[WhiteElo "2108"]
[BlackElo "1857"]
[PlyCount "79"]
[EventDate "2013.11.03"]
[EventType "team-tourn"]
[EventRounds "11"]
[EventCountry "CZE"]
[SourceTitle "EXT 2015"]
[Source "ChessBase"]
[SourceDate "2014.11.20"]
[SourceVersion "1"]
[SourceVersionDate "2014.11.20"]
[SourceQuality "1"]
[WhiteTeam "Usti nad Labem"]
[BlackTeam "Novoborsky III"]
[WhiteTeamCountry "CZE"]
[BlackTeamCountry "CZE"]

1. e4 e5 2. Nf3 Nf6 3. Nxe5 d6 4. Nf3 Nxe4 5. Nc3 Nf6 6. d4 d5 7. h3 Bf5 8. Bd3 Bxd3 9. Qxd3 c6 10. Bf4 Be7 11. 0-0 0-0 12. Rfe1 Bb4 13. Ne5 Nbd7 14. Re2 Bxc3 15. Qxc3 Ne4 16. Qe1 Nxe5 17. dxe5 Qh4 18. Bh2 Ng5 19. Qd2 Ne6 20. Rd1 Qa4 21. a3 Qb5 22. b3 a5 23. Ree1 Rfd8 24. Bg3 d4 25. a4 Qc5 26. Kh2 b5 27. axb5 cxb5 28. f4 g6 29. f5 gxf5 30. Bh4 Rdc8 31. Re2 Qf8 32. Bf6 Rc3 33. Rf2 Re3 34. Rxf5 Qh6 35. Qf2 d3 36. Rxd3 Rxd3 37. cxd3 Kf8 38. Rf3 a4 39. Qb6 Nf4 40. Be7+ 1-0

[Event "CZE-chT2B 1314"]
[Site "Czech Republic"]
[Date "2013.12.15"]
[Round "4.6"]
[White "Majstr, Jiri"]
[Black "Hoke, Petr"]
[Result "0-1"]
[WhiteElo "1857"]
[BlackElo "2027"]
[PlyCount "66"]
[EventDate "2013.11.03"]
[EventType "team-tourn"]
[EventRounds "11"]
[EventCountry "CZE"]
[SourceTitle "EXT 2015"]
[Source "ChessBase"]
[SourceDate "2014.11.20"]
[SourceVersion "1"]
[SourceVersionDate "2014.11.20"]
[SourceQuality "1"]
[WhiteTeam "Novoborsky III"]
[BlackTeam "Litomerice"]
[WhiteTeamCountry "CZE"]
[BlackTeamCountry "CZE"]

1. e4 e5 2. Nf3 d6 3. d4 Nd7 4. dxe5 dxe5 5. Bc4 c6 6. 0-0 Be7 7. c3 Ngf6 8. Qe2 0-0 9. Rd1 Qc7 10. Bg5 b5 11. Bb3 Nc5 12. Bc2 a5 13. b4 axb4 14. cxb4 Na6 15. Bb3 Nxb4 16. Nc3 Na6 17. Rac1 Nc5 18. Bxf6 gxf6 19. Qe3 b4 20. Ne2 Nxb3 21. axb3 Be6 22. Nh4 Ra3 23. Rd3 Rd8 24. Rb1 Rxd3 25. Qxd3 c5 26. Ng3 c4 27. Qc2 c3 28. Nhf5 Bf8 29. Nh5 Rxb3 30. Nxf6+ Kh8 31. Ne3 Rxb1+ 32. Qxb1 b3 33. Ned5 c2 0-1

[Event "CZE-chT2B 1314"]
[Site "Czech Republic"]
[Date "2013.11.17"]
[Round "2.7"]
[White "Lampir, Tomas"]
[Black "Majstr, Jiri"]
[Result "1-0"]
[WhiteElo "2054"]
[BlackElo "1857"]
[PlyCount "82"]
[EventDate "2013.11.03"]
[EventType "team-tourn"]
[EventRounds "11"]
[EventCountry "CZE"]
[SourceTitle "EXT 2015"]
[Source "ChessBase"]
[SourceDate "2014.11.20"]
[SourceVersion "1"]
[SourceVersionDate "2014.11.20"]
[SourceQuality "1"]
[WhiteTeam "Praha Bohemians II"]
[BlackTeam "Novoborsky III"]
[WhiteTeamCountry "CZE"]
[BlackTeamCountry "CZE"]

1. e4 e6 2. d4 d5 3. Nd2 c5 4. Ngf3 Nc6 5. c3 cxd4 6. Nxd4 Nxd4 7. cxd4 dxe4 8. Nxe4 Bb4+ 9. Bd2 Bxd2+ 10. Qxd2 Ne7 11. Bb5+ Nc6 12. Qb4 Qe7 13. Bxc6+ bxc6 14. Qa4 0-0 15. 0-0 Rd8 16. Rfd1 Bd7 17. Nc5 Be8 18. Rac1 Rd5 19. h3 Rad8 20. Rc3 e5 21. Re3 Qc7 22. Rxe5 Rxe5 23. dxe5 Rxd1+ 24. Qxd1 Qxe5 25. Qd8 Qe1+ 26. Kh2 Qe5+ 27. g3 f5 28. Nd3 Qe2 29. Qd4 Qe6 30. Qxa7 g5 31. Qe3 Qg6 32. a4 h6 33. a5 c5 34. Nxc5 Bf7 35. Qe5 f4 36. a6 Qc2 37. Qd4 fxg3+ 38. Kxg3 Qf5 39. Qd8+ Kh7 40. Qd3 Qxd3+ 41. Nxd3 Bd5 1-0

[Event "Novy Bor op 3rd"]
[Site "Novy Bor"]
[Date "2012.02.12"]
[Round "2"]
[White "Nguyen, Thai Dai Van"]
[Black "Majstr, Jiri"]
[Result "1-0"]
[WhiteElo "1784"]
[BlackElo "1896"]
[PlyCount "75"]
[EventDate "2012.02.11"]
[EventType "swiss"]
[EventRounds "9"]
[EventCountry "CZE"]
[SourceTitle "CBM 147 Extra"]
[Source "ChessBase"]
[SourceDate "2012.04.24"]
[SourceVersion "1"]
[SourceVersionDate "2012.04.24"]
[SourceQuality "1"]

1. e4 Nf6 2. e5 Nd5 3. d4 d6 4. c4 Nb6 5. f4 dxe5 6. fxe5 e6 7. Nf3 c5 8. Bg5 Be7 9. Bxe7 Qxe7 10. Nc3 cxd4 11. Qxd4 Nc6 12. Qe3 0-0 13. Be2 Nb4 14. Rc1 Bd7 15. a3 Na6 16. b4 Nc7 17. 0-0 Rab8 18. Ne4 Ne8 19. Bd3 f5 20. exf6 gxf6 21. Nd4 e5 22. Nf5 Bxf5 23. Rxf5 Ng7 24. Rff1 Ne6 25. Ng3 Nf4 26. Rxf4 Rbd8 27. Rff1 Qd7 28. Bf5 Qd4 29. Qxd4 Rxd4 30. c5 Nd5 31. Be6+ Kh8 32. Nf5 Rd3 33. Bxd5 Rxd5 34. Rcd1 Rfd8 35. Nd6 Rxd1 36. Rxd1 Rd7 37. Rf1 Kg7 38. Ne8+ 1-0

[Event "CZE-chT2B 1112"]
[Site "Czech Republic"]
[Date "2011.11.06"]
[Round "2.7"]
[White "Chrz, Pavel"]
[Black "Majstr, Jiri"]
[Result "1-0"]
[WhiteElo "2094"]
[BlackElo "1896"]
[PlyCount "43"]
[EventDate "2011.10.09"]
[EventType "team-tourn"]
[EventRounds "11"]
[EventCountry "CZE"]
[SourceTitle "EXT 2013"]
[Source "ChessBase"]
[SourceDate "2012.11.22"]
[SourceVersion "1"]
[SourceVersionDate "2012.11.22"]
[SourceQuality "1"]
[WhiteTeam "Usti nad Labem"]
[BlackTeam "Novoborsky"]
[WhiteTeamCountry "CZE"]
[BlackTeamCountry "CZE"]

1. d4 e6 2. e4 d5 3. Nd2 c5 4. exd5 Qxd5 5. Ngf3 cxd4 6. Bc4 Qc5 7. Qe2 Nf6 8. Nb3 Qb6 9. Nfxd4 Bc5 10. Be3 0-0 11. 0-0-0 Nd5 12. Bxd5 exd5 13. Nxc5 Qxc5 14. Ne6 Qe7 15. Nxf8 Qxf8 16. Rxd5 Be6 17. Bc5 Qc8 18. Rd6 Nc6 19. Re1 b6 20. Qe4 Na5 21. Bb4 Nc4 22. Rc6 1-0

[Event "CZE-chT2B 1011"]
[Site "Czech Republic"]
[Date "2011.02.20"]
[Round "8.8"]
[White "Reitinger, Petr"]
[Black "Majstr, Jiri"]
[Result "1/2-1/2"]
[WhiteElo "2108"]
[BlackElo "1875"]
[PlyCount "63"]
[EventDate "2010.10.17"]
[EventType "team-tourn"]
[EventRounds "11"]
[EventCountry "CZE"]
[SourceTitle "EXT 2012"]
[Source "ChessBase"]
[SourceDate "2011.11.24"]
[SourceVersion "1"]
[SourceVersionDate "2011.11.24"]
[SourceQuality "1"]
[WhiteTeam "Decin"]
[BlackTeam "Novoborsky III"]
[WhiteTeamCountry "CZE"]
[BlackTeamCountry "CZE"]

1. e4 e5 2. Nf3 Nf6 3. d4 Nxe4 4. Bd3 d5 5. Nxe5 Bd6 6. c4 Bxe5 7. dxe5 0-0 8. 0-0 Nc6 9. Bf4 Nb4 10. Bxe4 dxe4 11. Nc3 Qxd1 12. Rfxd1 Nd3 13. Bg3 Nxb2 14. Rd4 Be6 15. Nd5 Rad8 16. Rxe4 Bxd5 17. cxd5 Rxd5 18. Rb4 Rfd8 19. h3 Nd3 20. Rxb7 c5 21. Rxa7 Nxe5 22. a4 f6 23. Kh2 Rc8 24. Rb1 Nc6 25. Rc7 Rxc7 26. Bxc7 Rd4 27. Ra1 c4 28. Bb6 Rd5 29. a5 Rb5 30. Rc1 Nxa5 31. Bxa5 Rxa5 32. Rxc4 1/2-1/2

[Event "CZE-chT2B 0910"]
[Site "Czech Republic"]
[Date "2010.02.14"]
[Round "7.8"]
[White "Majstr, Jiri"]
[Black "Jancarik, Joel"]
[Result "0-1"]
[WhiteElo "1870"]
[BlackElo "2135"]
[PlyCount "106"]
[EventDate "2009.10.18"]
[EventType "team-tourn"]
[EventRounds "11"]
[EventCountry "CZE"]
[SourceTitle "EXT 2012"]
[Source "ChessBase"]
[SourceDate "2011.11.24"]
[SourceVersion "1"]
[SourceVersionDate "2011.11.24"]
[SourceQuality "1"]
[WhiteTeam "Novoborsky III"]
[BlackTeam "Praha Kobylisy"]
[WhiteTeamCountry "CZE"]
[BlackTeamCountry "CZE"]

1. e4 c5 2. c3 Nf6 3. e5 Nd5 4. d4 cxd4 5. Qxd4 e6 6. Bc4 Nb6 7. Bb3 Nc6 8. Qe4 d6 9. exd6 Bxd6 10. Nf3 Nd7 11. Qe2 0-0 12. 0-0 Nde5 13. Bf4 Qf6 14. Bxe5 Nxe5 15. Nxe5 Qxe5 16. Qxe5 Bxe5 17. Nd2 Rd8 18. Rad1 Bd7 19. Nf3 Bf6 20. Rd2 Kf8 21. Rfd1 Ke7 22. g3 h6 23. Nd4 Be8 24. Ne2 Rxd2 25. Rxd2 g6 26. f3 Be5 27. Kf2 Bc7 28. Kg2 e5 29. Nc1 Bc6 30. Bd5 Rd8 31. c4 Bxd5 32. cxd5 Bb6 33. Nb3 Kd6 34. Kf1 Rc8 35. Ke2 a5 36. Kd1 a4 37. Na1 Bd4 38. h3 Rc5 39. Rc2 Rxd5 40. Ke2 a3 41. Nb3 axb2 42. Nd2 Rb5 43. Nb1 Ra5 44. a3 Rb5 45. Rd2 Rc5 46. Rd1 Kd5 47. Kd3 f5 48. Ke2 g5 49. g4 fxg4 50. hxg4 Rc2+ 51. Rd2 Rc1 52. Rd1 Kc4 53. Nd2+ Kc3 0-1

[Event "CZE-chT2B 0910"]
[Site "Czech Republic"]
[Date "2010.01.17"]
[Round "5.8"]
[White "Nemec, Petr"]
[Black "Majstr, Jiri"]
[Result "1/2-1/2"]
[WhiteElo "2041"]
[BlackElo "1870"]
[PlyCount "62"]
[EventDate "2009.10.18"]
[EventType "team-tourn"]
[EventRounds "11"]
[EventCountry "CZE"]
[SourceTitle "EXT 2012"]
[Source "ChessBase"]
[SourceDate "2011.11.24"]
[SourceVersion "1"]
[SourceVersionDate "2011.11.24"]
[SourceQuality "1"]
[WhiteTeam "Usti nad Labem"]
[BlackTeam "Novoborsky III"]
[WhiteTeamCountry "CZE"]
[BlackTeamCountry "CZE"]

1. e4 e5 2. Nf3 Nf6 3. Nxe5 d6 4. Nf3 Nxe4 5. Nc3 Nf6 6. d4 d5 7. Bg5 Be7 8. Qe2 0-0 9. 0-0-0 c6 10. Bxf6 Bxf6 11. Ne5 Be6 12. f4 Nd7 13. g4 Nb6 14. h4 Bxe5 15. dxe5 d4 16. f5 Bc4 17. Qf2 Bxf1 18. Rhxf1 c5 19. f6 Re8 20. Qf4 gxf6 21. Ne4 Nd5 22. Nxf6+ Nxf6 23. exf6 Kh8 24. g5 Qd5 25. b3 Re4 26. Qf5 Qxf5 27. Rxf5 b6 28. Rh1 Rd8 29. Kd1 d3 30. cxd3 Rxd3+ 31. Kc2 Rdd4 1/2-1/2